000 00489nam a2200193Ia 4500
008 100920s9999 xx 000 0 und d
082 _b80273
_a22 थ 81
100 _aKAGANOV M.I.
245 _aELECTRONS PHONONS MAGNONS.
260 _bMIR PUBLISHERS.
260 _c1981
300 _a260
_bसाधी
365 _b0
520 _aएस.सी.
630 _aELECTRONS PHONONS MAGNONS.
650 _aएस.सी.
730 _aELECTRONS PHONONS MAGNONS.
942 _cBOOK
999 _c721180
_d721177